Statistiques concernant Les 25 Etats les plus Grand des Etas-Unis en superficie

Cliquez ici pour prendre le quiz!

Statistiques générales

  • Ce quiz a été pris 261 fois
  • Le résultat moyen est 12 sur 25

Statistiques - réponses

ClassementIndiceEtats% Correct
2678 358 km²Texas
91%
3403 971 km²Californie
87%
11 477 268 km²Alaska
72%
sept-284 613 km²Nevada
62%
20172 447 km²Washington
59%
6294 333 km²Arizona
55%
8268 858 km²Colorado
51%
4376 991 km²Montana
50%
5314 334 km²Nouveau-Mexique
48%
16196 576 km²Dakota du Sud
47%
17178 695 km²Dakota du Nord
45%
10251 385 km²Oregon
42%
22150 544 km²Michigan
42%
12212 816 km²Utah
41%
11214 325 km²Idaho
41%
9251 501 km²Wyoming
40%
13211 922 km²Kansas
38%
15199 113 km²Nebraska
35%
25141 712 km²Wisconsin
35%
14206 207 km²Minnesota
34%
18178 446 km²Missouri
33%
24144 123 km²Illinois
30%
19177 877 km²Oklahoma
28%
23144 716 km²Iowa
26%
21152 577 km²Géorgie
26%

Distribution des résultats

Percentile par nombre de réponses

% des personnes avec chaque résultat

Votre développement - résultats

Vous n’avez pas pris ce quiz